|
|
|
|
| LEADER |
00000nab a2200000 a 4500 |
| 001 |
vtls009469166 |
| 003 |
SK-MaSNL |
| 005 |
20260303191025.0 |
| 008 |
150305c2008 xo br|p||| |000 b|slo |
| 015 |
|
|
|a SNBRB2009/01
|
| 038 |
|
|
|a SPK
|
| 040 |
|
|
|a SPKCL
|b slo
|c 1997
|e AACR2
|
| 041 |
0 |
|
|a slo
|b eng
|
| 044 |
|
|
|a xo
|c SK
|
| 072 |
|
7 |
|a 37
|x Výchova a vzdelávanie
|2 konspekt
|
| 072 |
|
7 |
|a 371
|x Školstvo (organizácia)
|2 konspekt
|
| 080 |
|
|
|a 372.881.116.24
|2 1997
|
| 080 |
|
|
|a 371.274/.276
|2 1997
|
| 100 |
1 |
|
|a Rendár, Ľubomír
|4 aut
|9 1219985
|
| 245 |
1 |
0 |
|a Moderná príručka slovenčiny
|c Ľubomír Rendár
|
| 650 |
0 |
7 |
|a slovenčina
|2 snkbucl
|9 1350
|
| 650 |
0 |
7 |
|a maturitné skúšky
|2 snkbucl
|9 66554
|
| 655 |
|
7 |
|a recenzie
|2 snkbucl
|9 21907
|
| 773 |
0 |
|
|t Pedagogické rozhľady
|g Roč. 17, č. 5 (2008), s. 23-24
|x 1335-0404
|
| 787 |
0 |
8 |
|i Rec.:
|a Ološtiak, M.
|t Slovenský jazyk : krok za krokom k maturite
|d Bratislava : Fragment, 2007
|z 9788080890667
|
| 787 |
0 |
8 |
|i Rec.:
|a Gianitsová -Ološtiaková, L.
|t Slovenský jazyk : krok za krokom k maturite
|d Bratislava : Fragment, 2007
|z 9788080890667
|
| 852 |
|
|
|a SPK
|b KIS3GCP
|
| 856 |
4 |
1 |
|u www.rozhlady.pedagog.sk
|
| 958 |
|
|
|a RC
|2 snkbucl
|
| 999 |
|
|
|c 2139118
|d 2141048
|